00841nas a2200277 4500001001300000003000900013005001700022007000300039008003400042040005400076041000900130072000800139100001600147100001400163100002000177100002500197100002100222100001800243245011300261650001000374650001400384650001500398650002000413650001800433773011200451BR2017001022BR-BrBNA20231205130909.0ta230509b bl.|||p| |||| 00| 00por d aBR-BrBNAbporcBiblioteca Nacional de Agricultura a(En) aF301 aFaria, S.V.1 aLuz, L.S.1 aRodrigues, M.C.1 aCarneiro, J.E. de S.1 aCarneiro, P.C.S.1 aLima, R.O. de1 aAdaptability and stability in commercial maize hybrids in the southeast of the state of Minas Gerais, Brazil aMILHO aHÍBRIDO aGENÓTIPO aACLIMATAÇÃO aPRODUTIVIDADE0 tRevista Ciência Agronômica (Brazil)xISSN 0045-6888 g(Apr-Jun 2017), v. 48(2) p. 347-357wBR2017001022